000
00261nam a22000977a 4500
999
_c
11200
_d
11200
008
181009b ||||| |||| 00| 0 eng d
020
_a
9788123748436
100
_a
SHARMA, VINOD
_9
6956
245
_a
CARE OF DOGS AND CATS
260
_a
INDIA
_b
NATIONAL BOOK TRUST
_c
2006